00495nam a2200169Ia 4500003000900000008004100009020001800050040001600068080001500084100002400099245011100123260002700234300001500261650002000276650001700296650001200313IN-BaIIA211028s9999 xx 000 0 eng d a1-85168-451-4 cIIA Library a523.9bCHA aChaplin, William J. 0aMusic of the sunbthe story of helioseismologycWilliam J. Chaplin  aOxfordbOneworldc2006 axvi, 294p. aHelioseismology aSolar system aThe sun